000 00682nam a2200181 i 4500
001 39205
003 ES-MaACL
005 20240221063025.0
008 030227s1925 sp |||| | spa d
100 1 _aCambó, Francesc,
_d1876-1947
_934032
245 1 0 _aEn torno del fascismo italiano
_b: meditaciones y comentarios sobre problemas de política contemporánea /
_cFrancesc Cambó ; prólogo de Ángel Ossorio y Gallado.
260 _aBarcelona :
_b[s.n.,
_c1925] (
_fEmporium)
300 _a219 p. ;
_c19 cm.
650 _aFascismo-
_zItalia.
_9160050
700 1 _aOssorio y Gallardo, Ángel,
_d1873-1946
_9138613
852 _aES-MaACL
_jF-6702
999 _c39205
_d39205